000 00201 a2200097 4500
001 13732
100 _aTruman
245 _aYear of Decisions
260 _aNew York
_bDoubleday
_c
090 _c10727
_d10727
942 _aNUST-CAE
_cM
_c811
999 _c248805
_d248805